The handbook of plant genome mapping: genetic and physical mapping
Gespeichert in:
| Hauptverfasser: | , |
|---|---|
| Format: | Buch |
| Sprache: | Englisch |
| Veröffentlicht: |
Weinheim
Wiley-VCH
2005
|
| Ausgabe: | 1a. ed |
| Schlagworte: | |
| Tags: |
Tag hinzufügen
Keine Tags, Fügen Sie den ersten Tag hinzu!
|
MARC
| LEADER | 00000nam a2200000 a 4500 | ||
|---|---|---|---|
| 001 | UCJ0306 | ||
| 003 | CL-VaPUC | ||
| 008 | 060714e20050000GW |||||||||||||||||eng|d | ||
| 020 | |a 3527311165 | ||
| 082 | 0 | 4 | |a 572.862 |b MEK |2 21 |
| 100 | |a Meksem, Khalid |e autor |9 500379 | ||
| 700 | 0 | |a Kahl, Günter |e author |9 500380 | |
| 245 | 1 | 4 | |a The handbook of plant genome mapping: genetic and physical mapping |
| 250 | |a 1a. ed | ||
| 300 | |a 380 p | ||
| 942 | |c BK | ||
| 945 | |d 20060714 00:00:00 |a cmena | ||
| 260 | |a Weinheim |b Wiley-VCH |c 2005 | ||
| 650 | 0 | |a Genomas |9 389482 | |
| 650 | 0 | |a Bioquímica vegetal |9 264262 | |
| 650 | 0 | |a Plantas |9 264555 | |
| 650 | 0 | |a Cromosomas |9 344073 | |
| 650 | 0 | |a Métodos de investigación |9 262618 | |
| 583 | |a last modification |c 20130305 03:44:25 |k Rodrigo Vera | ||
| 999 | |c 317172 |d 317170 | ||
| 952 | |0 0 |1 0 |4 0 |6 572_862000000000000_MEK_2005 |7 0 |8 A |9 393165 |a BIBAGR |b BIBAGR |d 2019-11-22 |i 4256581 |o 572.862 MEK 2005 |p 4256581 |r 2025-01-20 |w 2019-11-22 |y BK |k AGR | ||